000 00818nam a22002297a 4500
999 _c2339
_d2339
003 AR-CdUCM
008 190304b ||||| |||| 00| 0 spa d
040 _aMUNICIPALIDAD PROVINCIAL DEL CUSCO
_cBIBLIOTECA MUNICIPAL DEL CUSCO
041 _heng
082 _a342.2 /
_bM12
100 _aMcLaughlin, Kathleen
_98435
245 _aGuerra Global a la Miseria /
_cMcLaughlin, Kathleen
260 _aMexico :
_bRoble,
_c1965.
300 _a195 paginas ;
_c18cm.
505 _aContenido -- Programas de ayuda sanitaria -- Alimento para el pueblo -- Transportes para el pueblo -- Recuperación por regiones -- Programas Educativos...
650 _aRegiones
_94240
650 _aEducación
_9460
650 _aLiteratura
_9416
700 _aAntúnez de Gironella, Mercedes
_98436
942 _2ddc
_cLIBROS
945 _apjha